000 01979nam a22001337a 4500
999 _c533064
_d533064
008 260421b ||||| |||| 00| 0 eng d
100 _aSnipes, Alexandra
_960134
245 _aWho’s got the “best shot”? Race-gender stereotypes and primary elections
260 _aPolitical Research Quarterly
300 _a78(4), Dec, 2025: p.1510-1529
520 _aThis article draws on an original dataset of all candidates for the U.S. House (2006–2020) to analyze the impact of both gender and race in primary elections across district competitiveness. I argue that stereotypes related to women’s perceived liberalism can either pose obstacles or prove advantageous depending on the district context, and I ask how these patterns differ when race and intersectionality are integrated into analyses. I first employ single-axis models to examine candidacies and election outcomes for women across party, before turning to an intersectional approach to detect observational evidence of the impact of race-gender stereotyping for white women and women of color candidates. I find that while Democratic women overall win primaries more often in competitive and safe Republican districts, this pattern is driven by white Democratic women succeeding in precisely the districts where one would expect stereotypes about women’s liberalism should disadvantage them. Conversely, both white women and women of color in the Republican Party are more likely to win in safe Democratic districts. My findings broaden our view of when and where identity matters most at the primary stage and call into question conclusions from extant work suggesting voters apply stereotypes that penalize all women candidates.-Reproduced https://journals.sagepub.com/doi/full/10.1177/10659129251374685?_gl=1*q49dyf*_up*MQ..*_ga*MjMzNjk2NTEzLjE3NzY3NTE 3ODE.*_ga_60R758KFDG*czE3NzY3NTE3ODAkbzEkZzEkdDE3NzY3NTE4MDQkajM2JGwwJGgyNTQ0NDIwNjg.
773 _aPolitical Research Quarterly
942 _cAR